00784 a2200169 45000010006000000050017000060080041000230030015000640400040000790800054001192450027001732640049002003000019002495050312002680410008005801000026005885543320260407155828.0260407a1946 arg spa dAR-UNSa-BCEJYS aAR-UNSa-BCEJYSbspacAR-UNSa-BCEJYS a001.1xConceptos de la ciencia y del conocimiento10aÚltimos pensamientos 1aBuenos Aires :bEspasa-Calpe Argentinac1946 a163 p.c18 cm. a1. La evolución de las leyes - 2. El espacio y el tiempo - 3. ¿Por qué el espacio tiene tres dimensiones? - 4. La lógica de lo infinito - 5. La matemática y la lógica - 6. La hipótesis de los cuantos - 7. Las relaciones de la materia y el éter - 8. La moral y la ciencia - 9. La unión moral aspa1 aPoincare, Jules Henri